International law and justice working papers. (Record no. 1576)

MARC details
000 -LEADER
fixed length control field 02381cas a2200529 a 4500
001 - CONTROL NUMBER
control field data
005 - DATE AND TIME OF LATEST TRANSACTION
control field 20260322212107.0
006 - FIXED-LENGTH DATA ELEMENTS--ADDITIONAL MATERIAL CHARACTERISTICS
fixed length control field data
007 - PHYSICAL DESCRIPTION FIXED FIELD--GENERAL INFORMATION
fixed length control field data
008 - FIXED-LENGTH DATA ELEMENTS--GENERAL INFORMATION
fixed length control field data
010 ## - LIBRARY OF CONGRESS CONTROL NUMBER
LC control number 2004214931
022 0# - INTERNATIONAL STANDARD SERIAL NUMBER
International Standard Serial Number 1552-6275
Source 1
023 0# - CLUSTER ISSN
Cluster ISSN 1552-6275
Source 1
029 1# - OTHER SYSTEM CONTROL NUMBER (OCLC)
OCLC library identifier AU@
System control number 000026232409
035 ## - SYSTEM CONTROL NUMBER
System control number (OCoLC)56523586
037 ## - SOURCE OF ACQUISITION
Source of stock number/acquisition Institute for International Law and Justice, New York University School of Law, 139 MacDougal Street, 3rd Floor, New York, NY 10012-1076
040 ## - CATALOGING SOURCE
Original cataloging agency NSD
Language of cataloging eng
Transcribing agency NSD
Modifying agency OCLCQ
-- DLC
-- YLS
-- DLC
-- OCLCQ
-- OCLCO
-- OCLCQ
-- OCLCF
-- YLS
-- OCLCO
-- OCLCL
-- OCLCQ
042 ## - AUTHENTICATION CODE
Authentication code pcc
-- pcc
050 00 - LIBRARY OF CONGRESS CALL NUMBER
Classification number KZ22
082 10 - DEWEY DECIMAL CLASSIFICATION NUMBER
Classification number 341
Edition information 14
Real World Object URI https://id.oclc.org/worldcat/ddc/E39rQc6jXk3fJrVgb63DqfDPpy
222 #0 - KEY TITLE
Key title International law and justice working papers
245 00 - TITLE STATEMENT
Title International law and justice working papers.
246 13 - VARYING FORM OF TITLE
Title proper/short title IILJ working paper
260 ## - PUBLICATION, DISTRIBUTION, ETC.
Place of publication, distribution, etc. New York, NY :
Name of publisher, distributor, etc. Institute for International Law and Justice, New York University, School of Law
310 ## - CURRENT PUBLICATION FREQUENCY
Current publication frequency Irregular
336 ## - CONTENT TYPE
Content type term text
Content type code txt
Source rdacontent
337 ## - MEDIA TYPE
Media type term computer
Media type code c
Source rdamedia
338 ## - CARRIER TYPE
Carrier type term online resource
Carrier type code cr
Source rdacarrier
362 1# - DATES OF PUBLICATION AND/OR SEQUENTIAL DESIGNATION
Dates of publication and/or sequential designation Began in 2003?
588 ## - SOURCE OF DESCRIPTION NOTE
Source of description note Description based on: 2003/1; title from PDF title page (the Institute's website, viewed Sept. 14, 2007).
588 ## - SOURCE OF DESCRIPTION NOTE
Source of description note Latest issue consulted: 2021/1 (the Institute's website, viewed November 16, 2021).
650 #0 - SUBJECT ADDED ENTRY--TOPICAL TERM
Topical term or geographic name entry element International law
General subdivision History.
650 #0 - SUBJECT ADDED ENTRY--TOPICAL TERM
Topical term or geographic name entry element International law
General subdivision Philosophy.
650 #0 - SUBJECT ADDED ENTRY--TOPICAL TERM
Topical term or geographic name entry element International and municipal law.
650 #0 - SUBJECT ADDED ENTRY--TOPICAL TERM
Topical term or geographic name entry element International law
General subdivision Political aspects.
650 #0 - SUBJECT ADDED ENTRY--TOPICAL TERM
Topical term or geographic name entry element International relations.
650 #7 - SUBJECT ADDED ENTRY--TOPICAL TERM
Topical term or geographic name entry element International and municipal law.
Source of heading or term fast
Authority record control number or standard number (OCoLC)fst00976759
650 #7 - SUBJECT ADDED ENTRY--TOPICAL TERM
Topical term or geographic name entry element International law.
Source of heading or term fast
Authority record control number or standard number (OCoLC)fst00976984
650 #7 - SUBJECT ADDED ENTRY--TOPICAL TERM
Topical term or geographic name entry element International law
General subdivision Philosophy.
Source of heading or term fast
Authority record control number or standard number (OCoLC)fst00977003
650 #7 - SUBJECT ADDED ENTRY--TOPICAL TERM
Topical term or geographic name entry element International relations.
Source of heading or term fast
Authority record control number or standard number (OCoLC)fst00977053
655 #7 - INDEX TERM--GENRE/FORM
Genre/form data or focus term History.
Source of term fast
Authority record control number or standard number (OCoLC)fst01411628
710 2# - ADDED ENTRY--CORPORATE NAME
Corporate name or jurisdiction name as entry element New York University.
Subordinate unit Institute for International Law and Justice,
Relator term issuing body.
859 40 - LOCAL CONTROL INFORMATION (RLIN)
-- View the papers in electronic format at the Institute's website
-- https://www.iilj.org/publication-category/working-papers/
906 ## - LOCAL DATA ELEMENT F, LDF (RLIN)
a 7
b cbc
c serials
d u
e ncip
f 20
g n-oclcserc
925 0# -
-- Acquire
-- LAW electronic serial
-- LAW electronic serial
-- policy default
955 ## - COPY-LEVEL INFORMATION (RLIN)
-- df29 2004-09-17
Holdings
Withdrawn status Lost status Damaged status Not for loan Home library Current library Shelving location Date acquired Total checkouts Full call number Barcode Date last seen Price effective from Koha item type
        Liberty Liberty General stacks 22/03/2026   341 LOC-LPL-00039 22/03/2026 22/03/2026 Books